Loading...
| Fine Arts - Auditory Fine Arts | 0 | 4 | 1 | 1 | 35 | 67 | 87.00 | 4 | 4 |
| Literature - American Literature | 1 | 1 | 0 | 0 | 25 | 62 | 88.00 | 2 | 2 |
| Other Science: Astronomy | 0 | 2 | 0 | 0 | 20 | 116 | 117.00 | 2 | 2 |
| Social Science | 0 | 2 | 0 | 1 | 20 | 86 | 106.00 | 2 | 2 |
| Other Arts: Auditory | 0 | 2 | 0 | 0 | 20 | 82 | 86.50 | 2 | 2 |
| Literature - European Literature | 1 | 0 | 0 | 0 | 15 | 60 | 60.00 | 1 | 1 |
| Science - Chemistry | 1 | 0 | 0 | 0 | 15 | 50 | 50.00 | 1 | 1 |
| Science - Biology | 0 | 2 | 1 | 0 | 15 | 80 | 96.00 | 2 | 2 |
| Philosophy | 1 | 0 | 0 | 0 | 15 | 16 | 16.00 | 1 | 1 |
| Beliefs | 0 | 1 | 0 | 1 | 10 | 143 | 143.00 | 1 | 1 |
| Fine Arts - Visual Fine Arts | 0 | 1 | 0 | 0 | 10 | 145 | 145.00 | 1 | 1 |
| History - American History | 1 | 0 | 1 | 0 | 10 | 53 | 53.00 | 1 | 1 |
| Science - Physics | 0 | 1 | 0 | 0 | 10 | 136 | 136.00 | 1 | 1 |
| 0 | 1 | 0 | 0 | 10 | 93 | 93.00 | 1 | 1 | |
| Other Arts: Visual | 0 | 0 | 1 | 0 | -5 | 0.00 | 0 | 0 | |
| Other Academic | 0 | 0 | 1 | 0 | -5 | 0.00 | 0 | 0 |